000 00609nam a2200181Ia 4500
008 190422s9999 xx 000 0 und d
100 _aHenningsson, Stefan
245 2 _aA review of information system integration in mergers and acquisitions /
245 _cStefan Henningsson, Phillip W. Yetton and Peter J. Wynne.--
260 _bAssociation for Information Technology Trust
260 _c2018
300 _apages 255-303, December 2018
440 _aJournal of Information Technology
_v33(4)
650 _aAcquisition
650 _aInformation System
650 _aIntegration
650 _aMerger
999 _c361458
_d361458